| 000 | 00516nam a2200181Ia 4500 | ||
|---|---|---|---|
| 005 | 20250609101416.0 | ||
| 008 | 008 250516s9999 xx 000 0 eng d | ||
| 020 | _a9780691244006 | ||
| 040 |
_beng _cSDCL |
||
| 041 |
_aeng _2eng |
||
| 084 | _aW6:(D6,8(B),7) R3 | ||
| 100 |
_aSimons, Josh _9810057 |
||
| 245 | 0 |
_aAlgorithms for the people : _bDemocracy in the age of AI |
|
| 260 |
_aNew Jersey : _bPrinceton University Press, _c2023. |
||
| 300 | _a303p. | ||
| 650 | _aPolitical Science | ||
| 942 |
_cTEXL _2CC |
||
| 999 |
_c1430526 _d1430526 |
||